000 00566nam a2200217Ia 4500
005 20260429112305.0
008 260429s9999||||xx |||||||||||||| ||und||
020 _a9798887153636
041 _aEnglish
082 _a639.2
_bCRE
100 _aCrewson, Eric
245 0 _aMarine fishery resources /
_cEric Crewson
250 _a1st ed.
260 _aDublin :
_bOryson Press,
_c2024.
300 _aviii, 284 p.; hb
650 _a Aquatic resources
650 _a Fishery resources
650 _a Marine biology
650 _aMarine fisheries
942 _cTB
999 _c53339
_d53339